Sports Quiz

Random Sports or NFL Quiz

NFL 1000 Rushing Yards for 2+ Teams Quiz Stats

 Plays Quiz Updated Jan 7, 2018

Challenge
Share
Tweet
Embed
Score 0/42 Timer 05:00
6 Plays Today
Team 1 Player % Correct
BUF (2007-2008)Marshawn Lynch
85.3%
IND (1999-2000, 2003-2005)Edgerrin James
81.6%
BAL (2000, 2002, 2004-2006)Jamal Lewis
80.8%
PHI (2010-2011, 2013-2014)LeSean McCoy
80.1%
NO (2000-2001)Ricky Williams
79.5%
DAL (2013-2014)DeMarco Murray
79.2%
SF (1976)Delvin Williams
79%
SF (2006-2009, 2011-2014)Frank Gore
78.5%
DEN (2002-2003)Clinton Portis
78.2%
IND (1994-1998)Marshall Faulk
77.8%
MIA (2011)Reggie Bush
77.2%
NE (1995-1997)Curtis Martin
76.6%
CIN (1997-2002)Corey Dillon
72.7%
BUF (1998)Antowain Smith
71.6%
CHI (2005-2006)Thomas Jones
71.4%
BUF (2004-2005)Willis McGahee
70.1%
BAL (1998)Priest Holmes
69.9%
TB (2010)LeGarrette Blount
68.2%
OAK (2010)Darren McFadden
66.5%
TB (1998, 2000)Warrick Dunn
65.7%
NE (2010)BenJarvus Green-Ellis
64.8%
Team 1 Player % Correct
MIA (2014)Lamar Miller
64.8%
RAM (1993-1994)Jerome Bettis
63.6%
RAM (1983-1986)Eric Dickerson
60.1%
WAS (1999-2001)Stephen Davis
59.9%
SF (1992)Ricky Watters
51.8%
STL (1979-1981, 1983-1984)Ottis Anderson
49.9%
NYJ (1975)John Riggins
45.8%
ARI (1995)Garrison Hearst
45%
BUF (2002-2003)Travis Henry
41.5%
DAL (1988)Herschel Walker
39.1%
SD (1984)Earnest Jackson
33.8%
CLE (1985)Earnest Byner
32.2%
DEN (2004)Reuben Droughns
31.6%
MIN (1992, 1994)Terry Allen
31%
HOU (1993)Gary Brown
30.5%
BUF (1984)Greg Bell
19.8%
NO (1981, 1983)George Rogers
16.5%
NO (1979)Chuck Muncie
12.9%
NYJ (1996-1997)Adrian Murrell
12.3%
RAM (1979, 1981)Wendell Tyler
10.2%
KC (1967)Mike Garrett
5.9%

You're not logged in!

Compare scores with friends on all Sporcle quizzes.
Join for Free
OR
Log In

You Might Also Like...

Show Comments

Extras

Top Quizzes Today


Score Distribution

Your Account Isn't Verified!

In order to create a playlist on Sporcle, you need to verify the email address you used during registration. Go to your Sporcle Settings to finish the process.

Report this User

Report this user for behavior that violates our Community Guidelines.

Details: